[Event "TUR-chT2"]
[Site "Konya"]
[Date "2017.07.11"]
[Round "4.8"]
[White "Erzurumlu, Bora"]
[Black "Sarginalp, Tuna"]
[Result "0-1"]
[WhiteElo "1197"]
[BlackElo "1882"]
[PlyCount "44"]
[EventDate "2017.07.09"]
[EventType "team-swiss"]
[EventRounds "9"]
[EventCountry "TUR"]
[SourceTitle "CBM 179 Extra"]
[Source "ChessBase"]
[SourceDate "2017.08.23"]
[SourceVersion "1"]
[SourceVersionDate "2017.08.23"]
[SourceQuality "1"]
[WhiteTeam "Koycegiz Su Sporlari"]
[BlackTeam "Cendosk Cendere Doga"]
[WhiteTeamCountry "TUR"]
[BlackTeamCountry "TUR"]

1. e4 c5 2. d4 cxd4 3. c3 d3 4. Bxd3 Nc6 5. Nf3 g6 6. Bf4 Bg7 7. Nbd2 Nf6 8. 0-0 0-0 9. Re1 d6 10. Nc4 Bg4 11. h3 Bxf3 12. Qxf3 Nd7 13. Rad1 b5 14. Nxd6 exd6 15. Bxd6 Nce5 16. Bxe5 Nxe5 17. Qe2 Qb6 18. b4 a6 19. Bc2 Rac8 20. Rc1 Nc4 21. Rcd1 Rfd8 22. Bb3 Ne5 0-1